| 000 | 00438cam a2200169ua 4500 | ||
|---|---|---|---|
| 020 | _c3.00 | ||
| 041 |
_amal _h |
||
| 082 |
_a894.812308 _bNAR/PA |
||
| 100 | _aNarayana Kuruakkal, K . | ||
| 245 |
_aParappuram / _cK Narayana Kurukkal. _hTextual Documents |
||
| 260 |
_aThiruvananthapuram : _bB V Book Depot & Printing Works , _c1956. |
||
| 300 | _a344 ; . | ||
| 365 | _a3.00 | ||
| 504 | _a | ||
| 942 | _cBK | ||
| 999 |
_c4953 _d4953 |
||